Tramwaje w Polsce - Statystyki

Ogólne statystyki
  • Ten quiz został rozwiązany 229 razy
  • Średni wynik to 13 z 16
Statystyki odpowiedzi
Podpowiedź Miasto (Odpowiedź) % Poprawnych
Sieć w stolicy Warszawa
99%
W tym mieście znajdują się zakłady "Pesa" Bydgoszcz
96%
W tym mieście jest najdłuższy tramwaj w Polsce Kraków
95%
Najbardziej wypadkowa sieć tramwajowa Wrocław
94%
Największa sieć tramwajowa (Aglomeracja) GOP
93%
Jedna z trzech sieci tramwajowych w Kujawsko-Pomorskim Toruń
90%
Najnowsza sieć tramwajowa Olsztyn
89%
W tym mieście znajdują się linie sezonowe Gdańsk
88%
W tym mieście znajduje się tzw. "Pestka" Poznań
87%
Znajduje się w nim SST Szczecin
86%
W tej aglomeracji znajduje się najdłuższa linia w Polsce (46) Łódź
85%
Najmniejsza sieć tramwajowa Grudziądz
79%
Odremontowana sieć tramwajowa Gorzów Wielkopolski
72%
W tym mieście malowania są podobne do 5 miasta Elbląg
70%
W tym mieście mamy tylko 2 główne typy tramwajów Częstochowa
55%
Tramwaj konny funkcjonujący jako atrakcja turystyczna Mrozy
31%
Nie znaleziono quizów pasujących do podanych kryteriów
Rozkład punktacji
Procent ludzi z każdym wynikiem
Percentyl według liczby udzielonych odpowiedzi
Twoja historia wyników
Nie rozwiązałeś tego quizu